Trigonometría plana y esférica

Gorde:
Xehetasun bibliografikoak
Egile nagusia: Palma V., Evaristo (autor)
Formatua: Liburua
Hizkuntza:gaztelania
Argitaratua: Santiago Galcon 1943
Edizioa:2a. ed
Gaiak:
Etiketak: Etiketa erantsi
Etiketarik gabe, Izan zaitez lehena erregistro honi etiketa jartzen!

MARC

LEADER 00000nam a2200000 a 4500
001 UCT2452
003 CL-VaPUC
008 961011e19430000CL |||||||||||||||||spa|d
082 0 4 |a 516.24  |b PAL  |2 21 
100 |a Palma V., Evaristo  |e autor  |9 371471 
245 1 0 |a Trigonometría plana y esférica 
250 |a 2a. ed 
300 |a 181 p 
942 |c BK 
945 |d 19961011 00:00:00  |a paguirre 
260 |a Santiago  |b Galcon  |c 1943 
650 0 |a Matemática  |9 260235 
650 0 |a Trigonometría   |9 259568 
650 0 |a Geometría   |9 264063 
650 0 |a Ecuaciones  |9 260137 
650 0 |a Geometría analítica   |9 260062 
650 0 |a Ángulos  |9 342215 
583 |a last modification  |c 19961011 00:00:00  |k Rodrigo Vera 
999 |c 252538  |d 252536 
952 |0 0  |1 0  |4 0  |6 516_240000000000000_PAL_1943  |7 0  |8 A  |9 272447  |a BIBCUR  |b BIBCUR  |d 2019-11-19  |i 1764896  |o 516.24 PAL 1943  |p 1764896  |r 2025-04-22  |w 2019-11-19  |y BK  |k BCB